| 000 | 00490ntaaa2200181 4500 | ||
|---|---|---|---|
| 003 | 01 | ||
| 005 | 20251027201326.0 | ||
| 008 | 0714s1973 ag 01 | ||
| 040 |
_aAR-BaBN _bspa _cAR-BaBN _eaacr _dRIC |
||
| 082 | _a264.0000 Sh4 | ||
| 100 |
_aSheperd, Massey H. _911558 |
||
| 245 | _aWorship of the Church | ||
| 250 |
_a1 ed. : _bSeabury Press, _cc/952, 1961 |
||
| 300 | _aix, 240 p. | ||
| 500 | _a(The Church's Teaching Vol. IV) | ||
| 650 |
_aAdoración-Iglesia Episcopal _911559 |
||
| 942 | _cBK | ||
| 999 |
_c7739 _d7739 |
||